Lagu Karaoke Melayu Audio One Vol. 1 [
| Format: | Book |
|---|---|
| Subjects: |
MARC
| LEADER | 00000cam a2200000 7i4500 | ||
|---|---|---|---|
| 001 | 0000021315 | ||
| 005 | 20080421.0 | ||
| 040 | |a INS | ||
| 090 | 0 | 0 | |a VCD 1269 |
| 245 | 0 | 0 | |a Lagu Karaoke Melayu Audio One Vol. 1 [ |h video disc] |
| 300 | |a 1 cakera video (82 min.) : |b bny., wrn. ; |c 4 3/4 in. | ||
| 505 | 0 | 0 | |a Mengandungi lagu-lagu: 1)Dengarlah gemala hati, 2) Anakku Sazali, 3) Warna Hati, 4) Bawah rumpun bambu, 5) Joget Kelantan, 6). Lama Tak Jumpa, 7.) Hancur Badan Kandung Tanah, 8) Jangan Tinggal Daku, 9). Hitam Manis, 10.) Mawarku, 11). Marah Lagi |
| 650 | 0 | 0 | |a Malay song |
| 999 | |a VCD0001269 |b VIDEO CD |c Media Collection |e Default branch | ||